ديوان البدراني. الجزء الأول

محفوظ في:

المؤلف الرئيسي: عبد المحسن بن فوزان آل سويلم.

التنسيق: كتاب

اللغة: Undetermined

منشور في: Al-Qāhirah Matabie alkilanaa 1960

الوسوم: إضافة وسم

لا توجد وسوم, كن أول من يضع وسما على هذه التسجيلة!

رقم الطلب: P23 SOWI

LEADER 00423nam a2200121Ia 4500
008 240404s9999||||xx |||||||||||||| ||und||
050 4 |a P23 SOWI 
100 1 |a عبد المحسن بن فوزان آل سويلم. 
245 1 0 |a ديوان البدراني. الجزء الأول  |c عبد المحسن بن فوزان آل سويلم 
264 1 |a Al-Qāhirah  |b Matabie alkilanaa  |c 1960 
300 |a 127  |c 24 
942 |2 lcc  |c BK 
999 |c 58127  |d 58127